| 000 | 004140000a22001570004500 | ||
|---|---|---|---|
| 020 | _a84-270-1314-0 | ||
| 041 | 0 | _aSPA | |
| 082 | 0 | 4 | _aG 892.7 M2148h |
| 100 | 1 | _aMahfuz, Naguib (1912-) | |
| 245 | 1 | 0 | _aHijos de nuestro barrio / Naguib Mahfuz ; D. G. Villaescusa, [et.al], traductores |
| 260 | _a[S.L] : Alcor | ||
| 300 | _a487 Pag | ||
| 500 | _aTitulo original : Awlad harati-na | ||
| 001 | 11227 | ||
| 942 | _cBK | ||
| 999 |
_c40592 _d40592 |
||